[Event "Kragero Resort Chess A 2018"]
[Site "Kragero"]
[Date "2018.02.22"]
[Round "2"]
[White "Chatalbashev, Boris"]
[Black "Kaasen, Tor Fredrik"]
[Result "1/2-1/2"]
[WhiteElo "2571"]
[BlackElo "2335"]
[Annotator "TA"]
[PlyCount "116"]
[EventDate "2018.??.??"]
[EventType "swiss"]
[EventCountry "NOR"]
[SourceTitle "playchess.com"]
[Source "ChessBase"]
[SourceQuality "1"]

{[%evp 14,116,27,0,-5,6,-2,0,-5,8,0,-16,12,15,12,12,21,16,9,-13,32,17,100,37,93,112,88,42,79,39,26,30,50,23,120,120,211,212,214,212,201,216,280,269,273,283,283,226,242,231,224,93,220,97,157,-33,-48,-37,-60,-56,-66,-665,-658,-618,-599,-1536,-627,-996,-947,-1081,-1075,-887,-34,-34,-34,-34,-34,-156,-156,-156,-152,-156,-156,-123,-19,-19,-19,-19,-19,-19,-19,-19,-18,-18,-18,-18,-18,-18,-18,-18,-18,-18,0,0,0]} 1. d4 d5 2. c4 e6 3. Nc3 Be7 4. cxd5 exd5 5. Bf4 Nf6 6. e3 Bf5 7. Qb3 Nc6 8. Rc1 {LiveBook: 5 Partien. D35: Damengambit (Abtauschvariante)} (8. g4 $5 Bd7 9. h3 $11) (8. g4 Nxg4 9. Qxd5 Qc8 10. a3 Nf6 11. Qg2 O-O 12. Bc4 Na5 13. Ba2 c5 14. dxc5 Qxc5 15. Nge2 Nc4 16. Bxc4 Qxc4 {½-½ (38) Nakamura,H (2780)-Topalov,V (2749) Saint Louis 2017}) 8... Na5 9. Qd1 $146 ({Vorgänger:} 9. Qa4+ c6 10. Nf3 O-O 11. Be2 b5 12. Qd1 Nc4 13. b3 Nb6 14. Bd3 Bg4 15. O-O Rc8 {0-1 (49) Maiorov,N (2537)-Fridman,D (2667) Tallinn 2013}) 9... c6 10. Nge2 Qb6 11. Ng3 Bg6 12. Qd2 Nc4 13. Bxc4 $1 dxc4 14. e4 Rd8 15. Rd1 O-O 16. O-O Rd7 17. Qe2 Qa6 (17... Rxd4 18. Na4 $16) (17... h5 $11 {hält das Gleichgewicht.}) 18. a3 (18. Be5 $16) 18... b5 (18... Rfd8 $14) 19. Be3 $1 $16 {Schwarz muss nun f4 beachten.} h5 20. f3 Qb7 21. Nh1 a5 22. Nf2 Rb8 23. Rc1 c5 (23... Re8 $11) 24. dxc5 {a4 ist eine echte Drohung.} Qc6 {[#]} (24... a4 $16 {ist wohl besser.}) 25. a4 $1 $18 {[%cal Ra4b5][%mdl 512]} bxa4 26. Qxc4 Rb4 27. Qe2 Rdb7 28. Nd3 Rb3 29. Ne5 Qc7 30. Nxg6 fxg6 31. Qc4+ Kh7 32. c6 (32. Kh1 $1 $18) 32... R7b4 (32... Bd6 $16 {kämpft weiter.}) 33. Qe6 (33. Qf7 $18) 33... Bd6 $16 34. f4 $2 (34. Kh1 $16) 34... Rxc3 $1 $15 35. Rxc3 Rxe4 36. Qh3 Nd5 37. f5 $2 {[%mdl 8192]} (37. Kh1 $15 Nxc3 38. f5 gxf5 39. Qxf5+ g6 40. Qg5) 37... Nxe3 $19 38. fxg6+ Kh6 39. Re1 {[#]} Qb6 (39... Bxh2+ $142 $1 {[%mdl 512]} 40. Qxh2 Ng4 41. Qxh5+ Kxh5 42. Rxe4 Qh2+ 43. Kf1 Qh1+ 44. Ke2 Qxg2+ 45. Kd3 Nf2+ 46. Kc4 Nxe4) 40. Rexe3 {Schwarz sollte Df3 verhindern.} Bc5 41. g4 Bxe3+ 42. Kh1 Rxg4 $2 (42... Re5 $19 43. c7 Bc5) 43. Qxe3+ $15 Qxe3 44. Rxe3 $19 {[%mdl 4096] Endspiel KT-KT} Rc4 {Droht stark ...Tc1+.} 45. Re5 (45. Re6 $15) 45... Rxc6 $17 ({Keinesfalls} 45... Kxg6 46. Rxa5 Rxc6 47. Rxa4 $15) 46. Rxa5 Rc1+ (46... Rxg6 47. Rxa4 Rd6 48. Kg2 $15) 47. Kg2 Rc2+ ({Bloß nicht} 47... Kxg6 48. Ra6+ Kh7 49. Rxa4 $15) 48. Kg3 {[#]} Rxb2 ({Auf keinen Fall} 48... Kxg6 49. Ra6+ Kh7 50. Rxa4 $15) (48... Rc4 $1 $17 {Und ...Tg4+ würde nun gewinnen.} 49. Rb5 Kxg6 50. Rb6+ Kf5 51. Rb5+ Kg6 52. Rb6+ Kh7) 49. Rxa4 $11 {Die Stellung ist ausgeglichen.} Rb6 50. h4 Kxg6 51. Ra5 Rb3+ 52. Kg2 Kh6 53. Ra6+ Kh7 54. Ra5 g6 55. Ra7+ Kg8 56. Ra8+ Kg7 57. Ra7+ Kf6 58. Ra6+ Ke5 {Precision: Weiß = 39%, Schwarz = 39%.} 1/2-1/2

[Event "Kragero Resort Chess A 2018"]
[Site "Kragero"]
[Date "2018.02.22"]
[Round "2"]
[White "Hillarp Persson, Tiger"]
[Black "Risting, Eivind Olav"]
[Result "1-0"]
[WhiteElo "2543"]
[BlackElo "2308"]
[Annotator "TA"]
[PlyCount "84"]
[EventDate "2018.??.??"]
[EventType "swiss"]
[EventCountry "NOR"]
[SourceTitle "playchess.com"]
[Source "ChessBase"]
[SourceQuality "1"]

{[%evp 9,84,15,45,40,70,62,62,70,81,48,69,77,65,54,123,119,120,120,116,113,124,123,170,123,152,154,198,135,131,149,232,241,264,239,248,193,317,324,308,269,315,301,250,155,152,145,221,220,228,213,214,205,204,133,164,114,120,148,147,147,136,117,125,124,171,164,451,443,354,372,422,431,463,433,1579,1505,1435]} 1. d4 Nf6 2. Nf3 c5 3. d5 b5 4. c3 {[%cal Bc2c3,Bc3c4][%mdl 32]} (4. Bg5 Qb6 5. Bxf6 Qxf6 6. c3 g6 7. e3 b4 8. Nbd2 Bg7 9. Rc1 O-O 10. Be2 bxc3 11. bxc3 d6 12. O-O Nd7 13. Ne4 Qf5 14. Ng3 Qf6 15. Ne4 Qf5 16. Ng3 Qf6 17. Ne4 {½-½ (17) So,W (2815)-Carlsen,M (2832) chess.com INT 2017}) 4... Bb7 5. e4 Nxe4 6. Bxb5 {A43: Schmid Benoni} Nf6 $146 ({Predecessor:} 6... Qa5 7. Na3 Nf6 8. d6 Ne4 9. Bf4 Qb6 10. dxe7 Bxe7 11. Bxb8 Rxb8 12. Qxd7+ {1-0 (47) Berkes,F (2648)-Esipenko,A (2492) Zuerich 2017}) 7. c4 $1 g6 8. Nc3 {White is slightly better.} Bg7 9. Be3 Qc7 10. O-O O-O 11. Re1 d6 (11... e6 $1 $14) 12. Bg5 $36 {[%mdl 2048] White is really pushing.} a6 13. Ba4 Bc8 14. h3 Ra7 15. Qd2 Qb6 16. Rad1 Rb7 17. Re2 Qb4 18. a3 ({White should try} 18. Bb3 $18) 18... Qb6 19. Bh6 e5 {[#]} (19... Bf5 $16 20. Bxg7 Kxg7) 20. dxe6 $1 $18 Bxe6 21. Bxg7 Kxg7 22. b3 (22. Qxd6 Qxd6 23. Rxd6 Bxc4 $16) 22... Rd8 (22... h6 $142 23. Qb2 (23. Qxd6 Qxd6 24. Rxd6 Bd7 $16) 23... Kh7) 23. Ng5 ({Weaker is} 23. Ne4 Nxe4 24. Rxe4 d5 $16) 23... d5 24. Qe1 ({Not} 24. Nxd5 Bxd5 25. cxd5 Rxd5 $14) 24... dxc4 25. Rxd8 ({Less strong is} 25. Nxe6+ fxe6 26. Rxe6 Rxd1 $18) 25... Qxd8 26. Nxe6+ fxe6 27. bxc4 Qd4 (27... Kf7 $16 {was necessary.} 28. Rxe6 Re7 29. Rxe7+ Qxe7) 28. Rxe6 Qxc4 29. Re7+ Rxe7 30. Qxe7+ Qf7 31. Qxc5 Nbd7 32. Qd4 {aiming for g4.} Qe6 33. Bxd7 Qxd7 34. Qxd7+ Nxd7 $16 {[%mdl 4096] Endgame KN-KN} 35. Kf1 Kf6 36. Ke2 Nc5 37. Ke3 Ke5 $2 {[#]} (37... Ne6 {was called for.} 38. f4 Kf7) 38. f4+ $1 $18 Ke6 39. Ne4 Nb3 40. Ng5+ {White is clearly winning.} Kd5 41. Nxh7 Kc4 (41... Ke6 $142 42. Ng5+ Ke7) 42. Nf8 Kd5 {Precision: White = 81%, Black = 42%.} 1-0

[Event "Kragero Resort Chess A 2018"]
[Site "Kragero"]
[Date "2018.02.22"]
[Round "2"]
[White "Lie, Espen"]
[Black "Nordquelle, Daniel"]
[Result "1-0"]
[WhiteElo "2473"]
[BlackElo "2220"]
[Annotator "TA"]
[PlyCount "47"]
[EventDate "2018.??.??"]
[EventType "swiss"]
[EventCountry "NOR"]
[SourceTitle "playchess.com"]
[Source "ChessBase"]
[SourceQuality "1"]

{[%evp 12,47,34,41,39,45,42,62,59,39,42,54,40,39,73,66,80,72,178,142,412,415,458,462,452,454,460,452,457,401,398,398,964,965,1217,1224,1168,1148]} 1. Nf3 d5 2. g3 g6 3. Bg2 Bg7 4. d4 Nh6 5. Nbd2 (5. O-O Nf5 6. c3 Nd7 7. Nbd2 Nd6 8. Re1 Nf6 9. Ne5 O-O 10. f3 Nd7 11. Nxd7 Bxd7 12. e4 dxe4 13. Nxe4 {0-1 (68) Kramnik,V (2812)-Topalov,V (2761) Leuven 2016}) 5... Nf5 6. c3 {D02: Damenbauernspiele} Nd6 7. O-O {LiveBook: 4 Partien} Bf5 8. Re1 {Weiß steht etwas besser.} c6 9. Nh4 Be6 10. e4 dxe4 11. Nxe4 Nxe4 12. Bxe4 Bd5 $146 13. Bg5 {Droht Lxd5 und aus.} f6 $1 {[%cal Rf6g5]} 14. Bd2 $36 {[%mdl 2048] Und weiter mit Lxg6+ wäre nett. Weiss bestimmt, wo es lang geht.} Kf7 (14... O-O $16) 15. Bd3 Re8 $2 {[%mdl 8192]} (15... Qd7 $16 16. Qe2 Na6) 16. c4 $18 Be6 {[#]} 17. Rxe6 $1 {[%mdl 512]} Kxe6 18. Qg4+ Kd6 19. Bf4+ e5 20. dxe5+ fxe5 {[#] Droht stark ...Kc7.} 21. Bxg6 $1 {[%mdl 512]} Nd7 $2 (21... hxg6 22. Rd1+ (22. Qxg6+ Qf6 $14) 22... Kc7) 22. Bxe8 {Schwarz muss nun Td1+ beachten.Weiß steht klar auf Gewinn.} Qxe8 23. Nf5+ Kc7 24. Nxg7 {Precision: Weiß = 83%, Schwarz = 33%.} 1-0

[Event "Kragero Resort Chess A 2018"]
[Site "Kragero"]
[Date "2018.02.22"]
[Round "2"]
[White "Notkevich, Benjamin Arvola"]
[Black "Dahl, Trygve"]
[Result "1-0"]
[WhiteElo "2446"]
[BlackElo "2217"]
[Annotator "TA"]
[PlyCount "53"]
[EventDate "2018.??.??"]
[EventType "swiss"]
[EventCountry "NOR"]
[SourceTitle "playchess.com"]
[Source "ChessBase"]
[SourceQuality "1"]

{[%evp 17,53,56,90,64,58,58,60,48,74,72,68,68,58,66,75,75,72,58,55,54,57,48,42,41,61,52,60,44,211,212,212,203,213,226,199,198,745,736]} 1. e4 c5 2. Nf3 e6 3. d4 cxd4 4. Nxd4 a6 5. c4 Nf6 6. Nc3 Bb4 7. Qd3 {B41: Sicilian: Kan Variation: 5 c4} d6 8. Nc2 Bxc3+ 9. Qxc3 e5 {LiveBook: 3 Games} 10. Bd3 Be6 $146 ({Predecessor:} 10... Nc6 11. O-O O-O 12. b3 Be6 13. f3 Rc8 14. a4 a5 {0-1 (77) Van Foreest,L (2481)-Gordievsky,D (2622) Wijk aan Zee 2018}) 11. O-O Nbd7 12. Qa3 Rc8 13. Ne3 Nc5 14. f3 Nxd3 15. Qxd3 Qb6 {aiming for ...Bxc4.} 16. b3 {[%cal Bb2b3,Bb3c4,Bc4d5,Bd5e6][%mdl 32]} O-O 17. Ba3 Rfd8 18. Qd2 Qa7 19. Kh1 b5 {[%cal Rb5c4]} 20. Rac1 bxc4 21. bxc4 Rc6 22. Nd5 Rdc8 $2 {[#]} (22... Kh8 $14) 23. Bxd6 $1 $18 {[%mdl 512]} Nxd5 (23... Rxd6 24. Nxf6+) 24. cxd5 Rxd6 25. dxe6 Rdd8 {[#]} 26. Qd6 $3 {[%mdl 512]} Qd4 $2 (26... Rb8 27. Qxe5 Qe7 28. exf7+ Qxf7) (26... Rxd6 27. Rxc8+) 27. Qe7 {Precision: White = 89%, Black = 42%.} 1-0

[Event "Kragero Resort Chess A 2018"]
[Site "Kragero"]
[Date "2018.02.22"]
[Round "2"]
[White "Houska, Jovanka"]
[Black "Hammer, Jon Ludvig"]
[Result "1/2-1/2"]
[WhiteElo "2408"]
[BlackElo "2622"]
[Annotator "TA"]
[PlyCount "116"]
[EventDate "2018.??.??"]
[EventType "swiss"]
[EventCountry "NOR"]
[SourceTitle "playchess.com"]
[Source "ChessBase"]
[SourceQuality "1"]

{[%evp 15,116,30,35,27,20,0,33,33,31,32,25,23,33,25,40,40,40,40,40,40,40,40,30,31,67,66,82,73,68,67,83,66,83,66,66,66,83,87,94,40,47,66,66,45,37,-8,-8,-8,841,-8,-8,-8,-8,-8,-8,-8,-8,-8,-8,-8,-8,-8,-8,-8,-8,-8,-8,-8,-8,-8,-8,-8,-8,-8,-8,-8,0,-8,-8,-8,-8,-8,-8,-8,-8,-8,-8,-8,-8,-8,-8,-8,0,-8,0,-8,0,0,0,0,0,0,0]} 1. d4 d5 2. Nf3 Nf6 3. c4 e6 4. Nc3 a6 5. cxd5 exd5 6. Bg5 {D37: Queen's Gambit Declined: 5 Bf4} Be6 7. e3 Nbd7 8. Bd3 c6 {LiveBook: 3 Games} (8... Bd6 9. Bf4 Qe7 10. O-O O-O 11. h3 Rfe8 12. Qc2 {½-½ (12) Aronian,L (2805)-Carlsen,M (2837) Riadh 2017}) 9. Qc2 h6 10. Bh4 g5 11. Bg3 Nh5 12. a3 $146 ({Predecessor:} 12. Bf5 Bxf5 13. Qxf5 Nxg3 14. hxg3 {0-1 (51) Dreev,A (2652)-Fedoseev,V (2667) Moscow 2016}) 12... Nxg3 13. hxg3 Bg7 14. b4 Qe7 15. Na4 a5 16. O-O axb4 17. axb4 O-O 18. Nc5 Nxc5 19. bxc5 g4 20. Nh4 Bf6 21. Nf5 Bxf5 22. Bxf5 h5 23. Rfb1 Kg7 24. Qb3 Rxa1 25. Rxa1 Re8 26. Rb1 Rb8 27. Bc2 ({White should try} 27. Rb2 $16) 27... h4 $1 $14 28. gxh4 g3 $1 29. fxg3 Re8 30. Kf2 {[#] Black must now prevent Qd3.} Bxd4 $1 31. exd4 Qe2+ $1 32. Kg1 Re3 {The position is equal.} 33. Qa2 $1 {Threatens to win with Bb3.} ({But not} 33. Qxb7 $2 Rxg3 34. Qxf7+ Kxf7 $19) 33... Rxg3 {[%csl Gg3][%cal Re2g2] [#]} 34. Bb3 Rxg2+ $1 35. Kh1 Qxa2 36. Bxa2 Rxa2 37. Rxb7 $11 {[%mdl 4096] Endgame KR-KR} Ra4 38. Rb6 Rxd4 39. Rxc6 Rxh4+ 40. Kg2 Rc4 41. Kf3 f6 42. Rc8 Kg6 43. c6 Kf5 44. c7 Rc3+ 45. Ke2 Kf4 46. Rf8 Rxc7 {aiming for ...Ke5.} 47. Rxf6+ Ke4 48. Rh6 Rc2+ 49. Kd1 Rc3 50. Kd2 Rd3+ 51. Kc2 {Strongly threatening Rh4+.} Rg3 52. Kd2 Rg2+ 53. Kd1 Rg3 {next ...Kd3 is good for Black.} 54. Kd2 $1 Rd3+ 55. Kc2 {And now Rh4+ would win.} Rd4 56. Rh4+ Ke5 57. Rxd4 Kxd4 58. Kd2 Ke4 {Precision: White = 65%, Black = 59%.} 1/2-1/2

[Event "Kragero Resort Chess A 2018"]
[Site "Kragero"]
[Date "2018.02.22"]
[Round "2"]
[White "Hobber, Anders"]
[Black "Kveinys, Aloyzas"]
[Result "1/2-1/2"]
[WhiteElo "2286"]
[BlackElo "2550"]
[Annotator "TA"]
[PlyCount "65"]
[EventDate "2018.??.??"]
[EventType "swiss"]
[EventCountry "NOR"]
[SourceTitle "playchess.com"]
[Source "ChessBase"]
[SourceQuality "1"]

{[%evp 26,65,28,9,1,0,0,0,9,0,80,0,3,-2,11,0,0,0,0,0,12,14,16,16,13,0,33,23,30,0,23,34,68,68,72,66,85,73,68,51,72,64]} 1. d4 Nf6 2. Nf3 e6 3. Bf4 b6 4. e3 Bb7 5. Nbd2 Be7 6. h3 O-O 7. Bd3 c5 8. c3 cxd4 9. exd4 d6 10. O-O Nbd7 {[%cal Bb8d7,Bd7f8,Bf8g6][%mdl 32] A47: 1 d4 Nf6 2 Nf3 b6: Torre, London and Colle Systems} 11. Re1 (11. Qe2 a6 12. a4 Re8 13. Bh2 h6 14. Rfe1 Bf8 15. Nc4 Qc7 16. Ne3 Nd5 17. Nxd5 Bxd5 18. Bxa6 Bxf3 19. gxf3 {1-0 (34) Carlsen,M (2837)-Akobian,V (2647) Riadh 2017}) 11... a6 12. a4 Re8 13. Bh2 Nf8 14. Qe2 {LiveBook: 4 Games} Ng6 15. Ne4 Nd5 $146 ({Predecessor:} 15... Nxe4 16. Bxe4 Bxe4 17. Qxe4 {1-0 (52) Ambartsumova,K (2280)-Miturova,M (2208) Germany 2017}) 16. Qd2 Nc7 17. Qe2 Bf8 {[#]} (17... Nd5 $11 {remains equal.}) 18. Ned2 (18. Nfg5 $1 $16 {Hoping for Qh5.} Bxe4 19. Nxe4) 18... Nd5 $11 19. Qd1 Qd7 20. Qb3 Rab8 21. c4 Ndf4 22. Be4 Nh5 23. Bxb7 Rxb7 24. Ne4 $36 {[%cal Bd2e4,Be4c3,Bc3b5][%mdl 2080] White is pushing.} Be7 25. Qd3 Ra8 26. Nc3 Rbb8 27. b4 a5 28. bxa5 bxa5 29. Nb5 Rc8 30. Rac1 Nf6 31. Nd2 Ne8 32. Nb3 h6 33. Bg3 {Precision: White = 46%, Black = 48%.} 1/2-1/2

[Event "Kragero Resort Chess A 2018"]
[Site "Kragero"]
[Date "2018.02.22"]
[Round "2"]
[White "Pantzar, Milton"]
[Black "Lie, Kjetil A."]
[Result "0-1"]
[WhiteElo "2260"]
[BlackElo "2523"]
[Annotator "TA"]
[PlyCount "86"]
[EventDate "2018.??.??"]
[EventType "swiss"]
[EventCountry "NOR"]
[SourceTitle "playchess.com"]
[Source "ChessBase"]
[SourceQuality "1"]

{[%evp 16,86,39,0,11,3,12,0,0,0,0,-13,5,-25,-8,-14,-10,-50,-36,-67,-49,-137,-124,-133,-126,-166,-141,-150,-150,-147,-144,-136,-125,-125,-124,-126,-122,-133,-96,-97,-82,-143,-135,-187,-166,-208,-212,-200,-191,-200,-193,-183,-144,-276,-256,-445,-425,-462,-496,-488,-458,-608,-626,-977,-927,-1081,-999,-1235,-1210,-1141,-1022,-1392,-1311]} 1. d4 d6 2. e4 Nf6 3. f3 e5 4. dxe5 dxe5 5. Qxd8+ Kxd8 6. Bc4 Ke8 7. Be3 Nbd7 8. Ne2 Bc5 {B07: Pirc Defence: Miscellaneous Systems} 9. Kf2 {LiveBook: 6 Games} (9. Bg5 {with more complications.} c6 10. Nd2 a5 11. a4 h6 12. Bh4) 9... Bxe3+ 10. Kxe3 Nb6 {The position is equal.} 11. Na3 $146 ({Predecessor:} 11. Bb3 a5 12. a4 Nfd7 13. Nec3 Nc5 14. Nb5 Na6 15. Nd2 Ke7 16. Nc4 Nxc4+ 17. Bxc4 {½-½ (46) Djurovic,G (2371)-Perunovic,M (2578) Neum 2011}) 11... Ke7 12. Rad1 a5 13. Rd2 a4 14. g4 Ra5 15. Ng3 g6 16. Rhd1 h5 {[%cal Bh7h5,Bh5h4][%mdl 32]} 17. g5 Ne8 $1 18. Bd5 (18. Ne2 $15) 18... h4 19. Nf1 Rh5 20. f4 Bg4 21. Re1 c6 22. Nc4 Nxc4+ 23. Bxc4 Rc5 24. Bd3 Ng7 $36 {[%mdl 2048] Black has strong initiative.} 25. Rf2 exf4+ 26. Rxf4 Rhxg5 27. Nd2 h3 28. a3 (28. b3 $142) 28... Be6 29. c3 (29. Rf2 $17) 29... Nh5 $19 30. Rf2 Nf6 {[#] aiming for ...Ng4+.} 31. Be2 Ng4+ 32. Bxg4 Rxg4 ({Don't take} 32... Bxg4 33. Rg1 $17) 33. Nf3 Rb5 34. Nd4 (34. Rg1 $17) 34... Re5 35. Rf4 $2 {[#]} (35. Kf3 Bd7 36. Rfe2) 35... Rg2 {Black is clearly winning.} 36. Re2 Rxe2+ 37. Nxe2 {[%mdl 4096] Endgame KRB-KRN} g5 (37... Rb5 $2 38. e5 $19) 38. Rf2 f5 {[%cal Bf7f5,Bf5f4][%mdl 32]} 39. Nd4 Rxe4+ 40. Kd3 Kf6 41. Kd2 f4 42. Kd3 Bf5 43. Kd2 g4 {Precision: White = 30%, Black = 76%.} 0-1

[Event "Kragero Resort Chess A 2018"]
[Site "Kragero"]
[Date "2018.02.22"]
[Round "2"]
[White "Tryggestad, Andreas Garberg"]
[Black "Kantans, Toms"]
[Result "1-0"]
[WhiteElo "2241"]
[BlackElo "2487"]
[Annotator "TA"]
[PlyCount "117"]
[EventDate "2018.??.??"]
[EventType "swiss"]
[EventCountry "NOR"]
[SourceTitle "playchess.com"]
[Source "ChessBase"]
[SourceQuality "1"]

{[%evp 17,117,17,33,23,20,31,39,22,69,11,47,33,51,34,30,-20,-25,-14,-20,-27,-8,-8,-5,-8,-8,-11,-8,-29,-31,-94,-94,-92,-104,-160,-58,-73,-83,-89,-89,-85,-51,-116,-127,-134,-114,-125,-59,-61,-60,-58,0,0,-1,-8,0,0,0,0,0,0,0,0,977,988,915,1010,970,962,1021,948,1033,1011,977,1007,991,982,1000,964,965,968,981,975,958,519,947,930,946,847,875,800,765,331,331,331,966,858,824,777,720,654,597,590]} 1. d4 Nf6 2. c4 g6 3. Nc3 d5 4. cxd5 Nxd5 5. e4 Nxc3 6. bxc3 Bg7 7. Qa4+ Nd7 8. Nf3 O-O 9. Be2 {D85: Exchange Grünfeld: Unusual White 7th moves and lines with 7 Nf3} a6 {LiveBook: 4 Games} (9... Nb6 10. Qb4 Qd6 11. O-O Bg4 12. Qb3 c6 13. Rd1 Qc7 14. Ba3 Nc8 15. Rac1 Bxf3 16. Bxf3 Rd8 {1-0 (29) Inarkiev,E (2683)-Li,C (2741) Palma de Mallorca 2017}) 10. O-O b5 11. Qc2 $146 {The position is equal.} ({Don't blunder} 11. Bxb5 $2 Nb6 $19) ({Predecessor:} 11. Qa3 Bb7 12. Bd3 c5 13. Be3 cxd4 14. cxd4 Nf6 15. d5 Ng4 16. Bc5 Bxa1 17. Rxa1 {½-½ (41) Nihal,S (2096)-Firouzja,A (2364) Porto Carras 2015}) 11... Nb6 {[%cal Bd7b6,Bb6a4,Ba4c5,Bc5e4][%mdl 32]} 12. Ba3 Bb7 13. Rad1 (13. Nd2 $14) 13... Qc8 14. Rfe1 c5 15. dxc5 Na4 16. Nd4 Nxc5 17. Bf1 Rd8 18. e5 $1 Qc7 19. e6 f5 {[#]} 20. Nxf5 $1 {[%mdl 512]} gxf5 21. Qxf5 Ne4 $1 22. Qf7+ Kh8 {...Rxd1 is the strong threat.} 23. Bxe7 (23. Rxd8+ $1 $15 Qxd8 24. Bxe7) 23... Rxd1 $17 24. Rxd1 {[#]} Bc6 $1 $36 {[%mdl 2048] Black has strong initiative.} ({Wrong is} 24... Nxc3 $2 25. Rd7 $18) (24... Qxc3 $2 25. Bh4 $18) 25. Bd3 ({White should try} 25. Bb4 Qxf7 26. exf7) 25... Re8 (25... Qe5 $17 26. Re1 Qxc3) 26. Bxe4 {Hoping for Rd7!} Rxe7 27. Qf5 {[%csl Ge4][%cal Rf5h7]} Bxe4 28. Qxe4 {Intending Qa8+ and mate.} Bxc3 29. Qa8+ (29. Qf5 $15 Bg7 30. h3) 29... Kg7 30. Qxa6 Qe5 31. g3 Bd4 (31... Rxe6 $17 32. Qc8 Rf6 33. Qg4+ Kh6) 32. a4 $15 Qf6 33. Rd2 {[#]} Bc3 (33... Rf7 $1 $15 {[%mdl 512]} 34. axb5 (34. exf7 Qxa6) 34... Bxf2+ 35. Kg2 Qf3+ 36. Kh3 Rf6 37. Rd7+ Kg6) 34. Re2 $1 $11 b4 {White must now prevent ...b3.} 35. Qc4 Qd4 36. Qb5 $1 h6 {next ...Qd1+ is good for Black.} 37. Re3 Qd2 38. Qf5 Qd1+ 39. Kg2 Qxa4 $2 {[%mdl 8192]} (39... Qd6 $11) 40. Qg4+ $18 Kh8 {[#]} 41. Rxc3 $1 {[%mdl 4608] Endgame KQR-KQR} Qa8+ (41... bxc3 42. Qxa4) 42. Rf3 b3 43. Qc4 Rb7 44. e7 Rxe7 45. Qxb3 Kg7 46. Qc3+ Kh7 47. Qf6 Ra7 48. Kh3 Qc8+ 49. Qf5+ Qxf5+ 50. Rxf5 {KR-KR} Kg6 (50... Rb7 $142 51. Kg4 Kg6) 51. Rb5 Ra6 52. Kg4 Ra2 53. Rb6+ Kg7 54. Kf3 Ra3+ 55. Kg2 Rc3 $2 (55... h5 56. Rb5 Kg6) 56. h3 {White is clearly winning.} Ra3 57. g4 Rc3 58. f3 h5 59. Kg3 {Precision: White = 64%, Black = 31%.} 1-0

[Event "Kragero Resort Chess A 2018"]
[Site "Kragero"]
[Date "2018.02.22"]
[Round "2"]
[White "Lindbol, Aleksander"]
[Black "Holm, Kristian Stuvik"]
[Result "0-1"]
[WhiteElo "2218"]
[BlackElo "2448"]
[Annotator "TA"]
[PlyCount "78"]
[EventDate "2018.??.??"]
[EventType "swiss"]
[EventCountry "NOR"]
[SourceTitle "playchess.com"]
[Source "ChessBase"]
[SourceQuality "1"]

{[%evp 17,78,11,27,4,5,-5,8,-15,-24,-36,-37,-54,-50,-63,-63,-92,-60,-83,-93,-94,-89,-127,-110,-116,-108,-110,-109,-104,-102,-100,-76,-112,-60,-57,-65,-160,-154,-163,-154,-181,-169,-164,-151,-234,-231,-232,-231,-229,-222,-416,-414,-370,-347,-596,-551,-746,-761,-757,-595,-1270,-1214,-1083,-957]} 1. c4 e5 2. g3 Nc6 3. Bg2 Bc5 4. Nc3 d6 5. e3 a6 6. Nge2 {A25: English Opening vs King's Indian with ...Nc6 but without early d3} (6. Nf3 Nf6 7. O-O O-O 8. h3 Ba7 9. d4 h6 10. dxe5 dxe5 11. Qxd8 Rxd8 12. b3 Be6 13. Ba3 Rd7 14. Rfd1 Rad8 15. Rxd7 Rxd7 {½-½ (41) Howell,D (2676)-Ponomariov,R (2694) Riadh 2017}) 6... Ba7 7. h3 h5 8. d4 h4 9. g4 f5 {LiveBook: 5 Games} 10. gxf5 Bxf5 11. d5 Nce7 $146 12. e4 Bd7 13. Qd3 Ng6 14. Be3 Bxe3 15. Qxe3 Qf6 16. O-O N8e7 17. f4 exf4 18. Nxf4 Qg5 {Threatens to win with ...Bxh3!} 19. Qc1 O-O 20. Nxg6 Rxf1+ 21. Kxf1 Qxc1+ 22. Rxc1 Nxg6 23. Ne2 Ne5 24. Rc3 b5 ({Black should play} 24... b6 $17) 25. cxb5 $15 Bxb5 26. a4 (26. Re3 $15) 26... Bxa4 $17 27. Nd4 {[#]} Ra7 $1 28. Ke1 Rb7 29. b3 Bd7 30. Bf1 (30. Kf2 $17 {keeps fighting.}) 30... Rb4 $19 31. Bc4 a5 {[%cal Ba6a5,Ba5a4][%mdl 32]} 32. Nc2 Rb6 33. Nd4 $2 {[#]} (33. Bf1 {was called for.}) 33... a4 34. Kd2 Rb4 ({But not} 34... a3 35. Bf1 $19) 35. Nc2 $2 (35. Nf3 {was worth a try.} Nxf3+ 36. Rxf3 axb3 37. Bxb3) 35... Nxc4+ {Black is clearly winning.} 36. bxc4 Rb3 37. Rxb3 axb3 38. Nd4 b2 39. Kc2 Bxh3 {Precision: White = 27%, Black = 87%.} 0-1